Informe y diagnóstico de Panamá sobre abstencionismo y participación /

Αποθηκεύτηκε σε:
Λεπτομέρειες βιβλιογραφικής εγγραφής
Συλλογικό Έργο: Instituto Interamericano de Derechos Humanos, Centro de asesoría y promoción electoral
Μορφή: Κείμενο
Θέματα:
Ετικέτες: Προσθήκη ετικέτας
Δεν υπάρχουν, Καταχωρήστε ετικέτα πρώτοι!

MARC

LEADER 00000 a a2200000 04500
001 34018
003
040
090 |a 206001  
110 |a Instituto Interamericano de Derechos Humanos.  
245 |a Informe y diagnóstico de Panamá sobre abstencionismo y participación /  |c Instituto Interamericano de Derechos Humanos.  
300 |a 10 p.  
650 |a ABSTENCIONISMO ELECTORAL  
650 |a PARTICIPACION POLITICA  
650 |a PANAMA  
710 |a Centro de asesoría y promoción electoral  
999 |c 12065  |d 12065